000 00717nam a2200241 i 4500
001 136822
003 ES-MaACL
005 20251122063128.0
007 t|
008 100812s2021 sp 00110 spa d
020 _a978-84-397-3406-2
080 _a821.134.2(88)-4"20"
100 1 _aMeruane, Lina,
_d1970-
_9173169
245 1 0 _aContra los hijos :
_b(una diatriba) /
_cLina Meruane.
250 _aEd. rev. y ampl.
260 _a[Barcelona] :
_bLiteratura Random House,
_c2021.
300 _a191 p. ;
_c19 cm.
595 _a1ª ed., 2ª reimp.
650 4 _aMujeres-
_xSituación social-
_yS.XXI.
_9173170
650 4 _aMaternidad.
_914852
852 4 _aES-MaACL
_jN-7784
999 _c136822
_d136822